Mistrzowie federacji UEFA - Statystyki

Ogólne statystyki
  • Ten quiz został rozwiązany 13 razy
  • Średni wynik to 20 z 55
Statystyki odpowiedzi
federacja sezon Odpowiedź % Poprawnych
Polska 2023/24 Jagiellonia Białystok
92%
Anglia 2023/24 Manchester City
83%
Hiszpania 2023/24 Real Madryt
83%
Niemcy 2023/24 Bayer Leverkusen
75%
Francja 2023/24 Paris Saint-Germain
75%
Czechy 2023/24 Sparta Praga
75%
Chorwacja 2023/24 Dinamo Zagrzeb
67%
Włochy 2023/24 Inter Mediolan
67%
Cypr 2023/24 APOEL Nikozja
58%
Szkocja 2023/24 Celtic Glasgow
58%
Belgia 2023/24 Club Brugge
58%
Serbia 2023/24 Crvena zvezda
58%
Turcja 2023/24 Galatasaray
58%
Bułgaria 2023/24 Łudogorec Razgrad
58%
Holandia 2023/24 PSV Eindhoven
58%
Portugalia 2023/24 Sporting CP
58%
Rumunia 2023/24 FCSB
50%
Słowacja 2023/24 Slovan Bratysława
50%
Austria 2023/24 Sturm Graz
50%
Ukraina 2023/24 Szachtar Donieck
50%
Rosja** 2023/24 Zenit Petersburg
50%
Norwegia 2024 Bodo/Glimt
42%
Białoruś 2024 Dynamo Mińsk
42%
Liechtenstein* 2023/24 FC Vaduz
42%
Węgry 2023/24 Ferencvaros
42%
Szwecja 2024 Malmo FF
42%
Azerbejdżan 2023/24 Qarabag FK
42%
Szwajcaria 2023/24 Young Boys
42%
Bośnia i Hercegowina 2023/24 Borac Banja Luka
33%
Izrael 2023/24 Maccabi Tel Awiw
33%
Słowenia 2023/24 NK Celje
33%
Grecja 2023/24 PAOK FC
33%
Dania 2023/24 FC Midtjylland
25%
Mołdawia 2023/24 Petrocub Hincesti
25%
Wyspy Owcze 2024 Vikingur Gota
25%
Litwa 2024 Zalgiris Wilno
25%
Łotwa 2024 FK RFS
17%
Kazachstan 2024 Kajrat Ałmaty
17%
Estonia 2024 Levadia Tallinn
17%
Gibraltar 2023/24 Lincoln Red Imps
17%
Armenia 2023/24 Piunik Erywań
8%
Walia 2023/24 The New Saints FC
8%
Andora 2023/24 UE Santa Coloma
8%
San Marino 2023/24 AC Virtus
0%
Kosowo 2023/24 Ballkani FC
0%
Islandia 2024 Breidablik
0%
Czarnogóra 2023/24 Decić Tuzi
0%
Albania 2023/24 Egnatia Rrogozhine
0%
Luksemburg 2023/24 FC Differdange
0%
Macedonia Północna 2023/24 FC Struga
0%
Malta 2023/24 Hamrun Spartans
0%
Gruzja 2024 Iberia 1999
0%
Finlandia 2024 KuPS Kuopio
0%
Irlandia Północna 2023/24 Larne FC
0%
Irlandia 2024 Shelbourne FC
0%
Nie znaleziono quizów pasujących do podanych kryteriów
Rozkład punktacji
Procent ludzi z każdym wynikiem
Percentyl według liczby udzielonych odpowiedzi
Twoja historia wyników
Nie rozwiązałeś tego quizu